| 000 | 00615nam a2200193 i 4500 | ||
|---|---|---|---|
| 001 | 58100 | ||
| 003 | ES-MaACL | ||
| 005 | 20230906163728.0 | ||
| 007 | t| | ||
| 008 | 031021s1973 sp ||||1| spa d | ||
| 100 | 1 |
_aDowning, George. _945539 |
|
| 245 | 1 | 3 |
_aEl libro del masaje / _cGeorge Downing ; [ilustraciones de Anne Kent Rush ; traducción, Gregorio Vlastelica]. |
| 250 | _a[1ª ed.]. | ||
| 260 |
_a[Barcelona : _bPomaire, _c1973] |
||
| 300 |
_a183 p., 7 lám. : _bil. ; _c27 cm. |
||
| 700 | 1 |
_aRush, Anne Kent. _9101016 |
|
| 700 | 1 |
_aVlastelica, Gregorio. _9115633 |
|
| 852 |
_aES-MaACL _jC-53265 _bR.86182 |
||
| 999 |
_c58100 _d58100 |
||